| 000 | 00964nam0a22002651 4500 | ||
|---|---|---|---|
| 001 | rc\4829566 | ||
| 005 | 20250612225901.0 | ||
| 021 |
_aRU _b[67-24692] |
||
| 035 | _a(NLR Aleph) 008887501 | ||
| 090 |
_a8621117 _c8621117 |
||
| 100 | _a20130426d1967 |||y0rusy50 ca | ||
| 101 | 0 | _arus | |
| 102 | _aRU | ||
| 105 | _aab z ||||| | ||
| 200 | 1 |
_aНивхи _e(Соврем. хоз-во, культура и быт) _fАН СССР. Ин-т этнографии им. Н.Н. Миклухо-Маклая |
|
| 210 |
_aЛенинград _cНаука. Ленингр. отд-ние _d1967 |
||
| 215 |
_a271 с., 2 л. схем., карт. _cил. _d21 |
||
| 606 |
_aНивхи _xЭтнография _2psbo |
||
| 700 | 1 |
_4070 _7ca _8rus _aТаксами _bЧ. М. _f1931-2014 _gЧунер Михайлович _9254438 _3RU\NLR\AUTH\770254494 |
|
| 801 | 0 |
_aRU _bNLR _gpsbo |
|
| 801 | 1 |
_aRU _bELAR _2rusmarc |
|
| 852 |
_aNLR _j67-5/1756 |
||
| 942 | _cBOOK | ||
| 980 | _aNB | ||